• 首页
  • 本馆介绍
  • 公告通知
  • 最新文献
  • 馆藏检索
  • 电子资源
  • 读者导购
  • 参考咨询
  • 我的图书馆
  • 登录
  • 详细信息显示
  • 放入我的书架
  • 预约/预借图书
  • 作者相关作品
  • 分类相关作品
  • 丛书相关作品
  • 出版社相关作品

书目信息

  • 表格格式
  • 工作单格式
  • 卡片格式
题名:
十六国、隋史
    
 
作者: 唐长孺 著
分册:  
出版信息: 北京   中国盲文出版社  2015.12
页数: 110页
开本: 26cm
丛书名:
单 册:
中图分类: K238.09 , K240.9
科图分类:
主题词: 古代史--中国--十六国时期--通俗读物 , 古代史--中国--隋代--通俗读物
电子资源:
ISBN: 978-7-5002-6505-4
000 00934nam0 2200277 450
001 0102100416
005 20210402100820.0
010    @a978-7-5002-6505-4@dCNY13.00
100    @a20160222e20172015em y0chiy50 ea
101 0  @achi
102    @aCN@b110000
105    @aa z 000yy
106    @ar
200 1  @a十六国、隋史@Ashi liu guo、sui shi@f唐长孺著
210    @a北京@c中国盲文出版社@d2015.12@h2017.05
215    @a110页@c图@d26cm
300    @a中国大百科全书名家文库
300    @a国家彩票公益金资助大字版
330    @a本书从政治、经济、文化等多个角度全面而简要地介绍了十六国时期到隋朝的历史的各个方方面面,中间还穿插介绍了众多知名历史人物和历史知名事件。
606 0  @a古代史@y中国@z十六国时期@j通俗读物
606 0  @a古代史@y中国@z隋代@j通俗读物
690    @aK238.09@v5
690    @aK240.9@v5
701  0 @a唐长孺@Atang zhang ru@f(1911-1994)@4著
801  0 @aCN@bBJSZM@c20210402
905    @b1275205-8@dK238.09@e133@f4
    
    十六国、隋史/唐长孺著.-北京:中国盲文出版社,2015.12(2017.05)
    110页:图;26cm
    中国大百科全书名家文库.-国家彩票公益金资助大字版
    
    ISBN 978-7-5002-6505-4:CNY13.00
    本书从政治、经济、文化等多个角度全面而简要地介绍了十六国时期到隋朝的历史的各个方方面面,中间还穿插介绍了众多知名历史人物和历史知名事件。
●
相关链接 在E读中查询图书 在五车中查询图书 在当当中查询图书 在豆瓣中查询图书


正题名:十六国、隋史     索取号:K238.09/133         预约/预借

序号 登录号 条形码 馆藏地/架位号 状态 备注
1 1275205   212752056   第二样本阅览室/ [索取号:K238.09/133] 在馆    
2 1275206   212752065   教育系资料室/ [索取号:K238.09/133] 在馆    
3 1275207   212752074   教育系资料室/ [索取号:K238.09/133] 在馆    
4 1275208   212752083   第二借阅区/ [索取号:K238.09/133] 在馆    
唐山师范学院图书馆 欢迎您!
大连网信软件有限公司© 版权所有